Enciclopedia de Arquitectura Plazola : volumen 3

Bibliographic Details
Main Authors: Plazola Cisneros, Alfredo, Plazola Anguiano, Alfredo, Plazola Anguiano, Guillermo
Format: Section = Libro
Language:Undetermined
Spanish
Published: México Plazola Editores 1996
Subjects:
LEADER 00679nam a2200253Ia 4500
008 240829s9999 xx 000 0 und d
020 |a 968-7478-03-6 
040 |a BIBLIOTECA-RUSB/ Ref 720 P723 
041 |a spa 
082 |a Ref 720 P723 
100 1 |a Plazola Cisneros, Alfredo 
100 1 |b Plazola Anguiano, Alfredo 
100 1 |c Plazola Anguiano, Guillermo 
245 1 0 |a Enciclopedia de Arquitectura Plazola : volumen 3 
260 |a México  |b Plazola Editores  |c 1996 
300 |a 688 p. :il. 
650 7 |a ARQUITECTURA 
650 7 |b  CEMENTERIOS 
650 7 |c  CINE 
650 7 |d  COMUNICACIONES 
650 7 |e  COMERCIO 
942 |c BK  |2 ddc 
991 |a TEXTO 
999 |c 6453